Levent Bursa’da / (Record no. 23477)

MARC details
000 -BAŞLIK
Sabit Uzunluktaki Kontrol Alanı 00774nam a22002177a 4500
003 - KONTROL NUMARASI KİMLİĞİ
Kontrol Alanı koha_MIRAKIL
005 - EN SON İŞLEM TARİHİ ve ZAMANI
Kontrol Alanı 20260415093734.0
008 - SABİT UZUNLUKTAKİ VERİ ÖGELERİ - GENEL BİLGİ
Sabit Alan 260415b tur||||| |||| 00| 0 tur d
020 ## - ISBN - ULUSLARARASI STANDART KİTAP NUMARASI
Isbn 9786050812572
040 ## - KATALOGLAMA KAYNAĞI
Özgün Kataloglama Kurumu TR-IsEVY
Kataloglama Dili tur
Çeviri Kurumu TR-IsEVY
082 ## - DEWEY ONU SINIFLAMA SİSTEMİ
Sınıflama Numarası FIC ORA/L
100 ## - KİŞİ ADI
Yazar Adı (Kişi adı) Orakçı, Mustafa
245 #0 - ESER ADI BİLDİRİMİ
Başlık Levent Bursa’da /
Sorumluluk Bildirimi Mustafa Orakçı ; resimleyen Derya Işık Özbay.
250 ## - BASIM BİLDİRİMİ
Basım Bildirimi 5. bs.
260 ## - YAYIN, DAĞITIM, VB.
Yayın Yeri İstanbul :
Yayınevi Timaş Çocuk Yayınları,
Yayın Tarihi 2014.
300 ## - FİZİKSEL TANIMLAMA
Sayfa, Cilt vb. 96 s. :
Diğer fiziki detaylar renkli resimli ;
Boyutları 19 cm.
490 0# - DİZİ BİLDİRİMİ
Dizi Bildirimi Türkiye'yi Geziyorum ; 2.
650 ## - KONU BAŞLIĞI EK GİRİŞ - KONU TERİMİ
Konusal terim veya coğrafi ad Bulunduğumuz mekan ve zaman Where we are in place and time.
Alt başlık biçimi Çocuk Edebiyatı.
-- Çocuk Hikayeleri.
-- Kültürler.
-- Bursa.
700 1# - EK GİRİŞ - KİŞİ ADI
Yazar Adı (Kişi adı) Özbay, Derya Işık.
Ünvan resimleyen.
942 ## - EK GİRİŞ ÖGELERİ (KOHA)
Source of classification or shelving scheme Dewey Decimal Classification
Koha item type Kitap
Holdings
Kayıp Durumu Sınıflandırma Kaynağı Hasarlı Durumu Koleksiyon Kodu Kalıcı Konum Mevcut Konum Kayıt Tarih Edinim Kaynağı Toplam Ödünçverme Yer Numarası Demirbaş Numarası Son Görülme Tarihi Fatura Tarihi Materyal Türü
  Dewey Decimal Classification   İlkokul İLKOKUL KÜTÜPHANESİ İLKOKUL KÜTÜPHANESİ 15/04/2026 Bağış   FIC ORA/L 25088 15/04/2026 15/04/2026 Kitap